Sanat: "Rafaelin enkeli" - Pekka Ruuska - Statistics

Yleistilastot
  • Tätä visaa on pelattu 601 kertaa
  • Keskiarvotulos 146 / 207
Vastaustilastot
Sanat % Oikein
Rafaelin
98%
enkeli.
97%
ole
97%
minulle
95%
Anna
89%
jo?
89%
armahduksesi,
88%
on
88%
ja
86%
se
86%
sen
86%
vai
86%
Ne
82%
Tämä
82%
kuka
81%
Kuka
81%
80%
askel
78%
kun
75%
Olen
75%
olen
75%
jalkoihin?
73%
maa
73%
edes
72%
ei
72%
käärmeitä
72%
kengät
72%
pieniin
72%
lahjaksi.
71%
laittaisi
71%
Lapset
71%
niille
71%
Sain
71%
askelin.
70%
gasellin
70%
jouluna
70%
lippuja
70%
mustanaan.
70%
vaimolta
70%
jumpperi
69%
kohmeisin
69%
Mulla
69%
että
68%
kirvelee,
68%
maan
68%
salkoihin.
68%
sormin
68%
tanssii
68%
harmaa
67%
salongin,
67%
savuisen
67%
silmää
67%
tämän
67%
routaan
66%
hinaavat
65%
yllä
65%
minä
64%
neiti
64%
Viime
64%
neonsade
63%
veti
63%
yskäisee.
63%
äiti
62%
karhu
62%
leijona,
62%
saa.
62%
Halki
61%
kuin
61%
Kumpi
59%
tuijottaa
59%
johtaja.
58%
kevyt
58%
painaa
58%
sanoi
58%
sudenkorento.
58%
tuhannen
58%
voittaa:
58%
alasti
57%
käski
57%
mennä
57%
Mikä
57%
nukkumaan.
57%
poika
57%
sille
57%
töissä
57%
vastaamaan,
57%
aikanaan.
56%
ujo
56%
kesken
54%
minulta
54%
Huorat
53%
jäi
53%
sinne
53%
multa
52%
niksauttaa,
52%
niskojaan
52%
aamuun
50%
kuiskivat
50%
luvut
50%
sirosti
50%
kipeänä
49%
Kurkku
48%
lemahtaa
48%
ankeaan,
47%
katsokaan.
47%
diesel
46%
neuvoi
43%
kysyy
42%
mies
41%
evästä.
40%
kunnon
40%
tarvitsee
40%
Uutispuuroa
37%
porttikongeistaan,
36%
viemäriin.
36%
New Yorkin
35%
aamupöydässä,
34%
krokotiileja
33%
haavoihin.
31%
Kuvia
30%
kuvien
30%
suolaa
30%
jälkeenkin,
28%
videotykillä
28%
vielä
28%
olohuoneisiin,
25%
Hermokaasuja
17%
Ehtoja vastaavia visoja ei löytynyt
Tulosjakauma
Jokaisen tuloksen saaneiden osuus
Persentiili vastausten määrän mukaan
Tuloshistoriasi
Et ole pelannut tätä visaa